liste de verbes anglais - Statistiques

Statistiques générales
  • Ce quiz a été pris 1 405 fois
    1 368 depuis la dernière actualisation
  • Le résultat moyen est 67 sur 118
Statistiques - réponses
Français Anglais % Correct
aimer like, love
98%
aller go
97%
aider help
97%
acheter buy
94%
arrêter stop
92%
avoir have
90%
appeler call, contact
88%
apprendre learn, teach, hear of
87%
chanter sing
86%
courir run
84%
dormir sleep
83%
couper cut
82%
manger eat
82%
accepter accept
81%
être be
81%
changer change, alter
81%
choisir choose, select
81%
conduire drive
81%
jouer play, gamble, act
81%
commencer begin, start
80%
faire do, make
80%
ouvrir open (up)
80%
gagner win, gain, earn
80%
parler speak, talk
79%
comprendre understand, include
79%
écrire write
79%
fermer close
78%
donner give
77%
lire read
77%
dire say, tell
77%
connaître know, get to know
76%
penser think
75%
écouter listen
74%
marcher walk
74%
pleurer cry
73%
devenir become, turn in
72%
décider decide
72%
payer pay
72%
essayer try, attempt
72%
ajouter add
71%
arriver arrive, happen
71%
envoyer send
71%
regarder, voir watch, see
71%
demander ask for
70%
casser break
70%
continuer continue
69%
finir, terminer finish
69%
oublier forget
69%
prendre take, catch
69%
mettre put, place
68%
faire la cuisine cook
66%
perdre lose, waste
66%
croire believe (in)
64%
pouvoir be able (can)
63%
apporter bring, take
63%
rencontrer meet, encounter
63%
chercher search, look for, seek
63%
travailler work
63%
expliquer explain
61%
rester stay, remain
61%
garder keep
60%
montrer show, display
60%
savoir know
59%
répéter repeat
59%
voir see
59%
exister exist
58%
entendre hear
58%
laver, nettoyer clean (up)
57%
entrer enter, go in
56%
partir leave, depart
56%
toucher touch, feel
56%
utiliser use, employ
56%
vouloir want, wish
56%
suivre follow, pay attention
54%
rire laugh
54%
laisser leave, let, allow
54%
vivre live
54%
venir come
53%
tomber fall
53%
devoir must, have to , owe
53%
trouver find, discover
51%
compter count
49%
répondre answer, reply
48%
tourner turn
48%
vendre sell
47%
refuser refuse
46%
porter wear, carry
43%
jeter throw
42%
goûter taste
40%
voler fly
38%
retourner return, come back
38%
allumer turn on
37%
se souvenir, se rappeler remember
36%
permettre allow, permit, enable
35%
recevoir receive
35%
retrouver find, meet up, regain
34%
éteindre turn off
34%
descendre go down
33%
revenir come back, return
32%
ressembler look like
30%
sortir get out, leave, exit, come out
27%
tenir hold, keep
26%
rappeler call back, remind
25%
rendre return something, give back
25%
rentrer (à la maison) go home
20%
s’endormir fall asleep
19%
reconnaître recognize, acknowledge
17%
empêcher prevent, stop
16%
attendre wait for, expect
16%
tirer pull, draw (curtains…), fire a gun
14%
réussir succeed
14%
se réveiller awake
10%
poser put down, lay something down
9%
préparer prepare something, make
6%
avoir besoin require
4%
se laver Wash oneself
2%
se reposer take a rest
1%
s’asseoir take a seat
1%
Aucun quiz correspondant
Distribution des résultats
% des personnes avec chaque résultat
Percentile par nombre de réponses
Votre historique - résultats
Vous n’avez pas pris ce quiz depuis la dernière actualisation